Geography Safe Cracker Challenge #5 - Statistics

General Stats
  • This quiz has been taken 3,331 times
  • The average score is 31 of 48
Answer Stats
Hint Answer % Correct
Continents Asia
100%
Continents Africa
99%
Continents Australia
99%
Continents Europe
99%
Continents North America
99%
Continents South America
99%
Continents Antarctica
98%
Continents X9H44EK
89%
"Stan" Countries Afghanistan
88%
"Stan" Countries Pakistan
88%
"Stan" Countries Turkmenistan
88%
"Stan" Countries Uzbekistan
88%
"Stan" Countries Kazakhstan
87%
"Stan" Countries Kyrgyzstan
87%
"Stan" Countries Tajikistan
87%
"Stan" Countries YZ3B80D
85%
Yugoslavic States Bosnia
83%
Yugoslavic States Croatia
83%
Yugoslavic States Serbia
83%
Yugoslavic States Slovenia
82%
Yugoslavic States Kosovo
81%
Yugoslavic States Montenegro
81%
Yugoslavic States North Macedonia
81%
Yugoslavic States E7HSS6M
78%
Summits Everest
74%
Summits Kilimanjaro
66%
Summits Denali
58%
Summits Elbrus
49%
G7 Countries United States
48%
Summits Aconcagua
45%
G7 Countries United Kingdom
44%
G7 Countries France
40%
G7 Countries Germany
40%
G7 Countries Canada
39%
G7 Countries Italy
38%
G7 Countries Japan
36%
Summits Vinson Massif
35%
Central America Belize
31%
G7 Countries H2LSMB5
31%
Central America Costa Rica
31%
Central America El Salvador
31%
Central America Guatemala
31%
Central America Honduras
31%
Central America Nicaragua
31%
Central America Panama
31%
Summits Puncak Jaya
31%
Summits 6PJ4B31
30%
Central America 0NM3K4U
26%
No matching quizzes found
Score Distribution
Percent of People with Each Score
Percentile by Number Answered
Your Score History
You have not taken this quiz